Capitales par drapeaux - Asie - Statistiques

Statistiques générales
  • Ce quiz a été pris 119 fois
    108 depuis la dernière actualisation
  • Le résultat moyen est 32 sur 48
Statistiques - réponses
Par images Réponse % Correct
Seoul
86%
Tokyo
86%
Pékin
84%
Jérusalem
81%
Ankara
79%
Singapour
79%
Téhéran
79%
Bagdad
77%
Bangkok
77%
Beyrouth
77%
New Delhi
77%
Damas
74%
Hanoï
74%
Jakarta
74%
Pyongyang
74%
Riyad
74%
Taipei
74%
Abou Dabi
72%
Doha
72%
Islamabad
72%
Koweit
72%
Katmandou
70%
Kuala Lumpur
70%
Nicosie
70%
Amman
67%
Bakou
67%
Erevan
67%
Phnom Penh
67%
Sanaa
67%
Kaboul
65%
Malé
65%
Manille
65%
Oulan Bator
65%
Astana
60%
Dacca
60%
Dili
60%
Manama
60%
Mascate
58%
Tachkent
56%
Vientiane
56%
Bandar Seri Begawan
53%
Bichkek
53%
Douchanbé
51%
Naypyidaw
49%
Thimphou
49%
Achgabat
42%
Colombo
33%
Tbilisi
33%
Aucun quiz correspondant
Distribution des résultats
% des personnes avec chaque résultat
Percentile par nombre de réponses
Votre historique - résultats
Vous n’avez pas pris ce quiz depuis la dernière actualisation